Sportage: Manual de entrenamiento de servicio. Vehículos de Pasajeros
Gespeichert in:
| Körperschaft: | |
|---|---|
| Format: | Buch |
| Sprache: | Spanisch |
| Veröffentlicht: |
Santiago
Centro de Entrenamiento Técnico de Chonan
2006
Santiago Departamento de Asistencia Técnica de Diasa 2006 |
| Ausgabe: | 1a. ed |
| Schlagworte: | |
| Tags: |
Tag hinzufügen
Keine Tags, Fügen Sie den ersten Tag hinzu!
|
MARC
| LEADER | 00000nam a2200000 a 4500 | ||
|---|---|---|---|
| 001 | UCJ1817 | ||
| 003 | CL-VaPUC | ||
| 008 | 061117e20060000cl |||||||||||||||||spa|d | ||
| 082 | 0 | 4 | |a 629.222 |b KIA |2 21 |
| 110 | 2 | |a KIA Motors |e author |9 502551 | |
| 245 | 1 | 0 | |a Sportage: Manual de entrenamiento de servicio. Vehículos de Pasajeros |
| 250 | |a 1a. ed | ||
| 300 | |a 262 p | ||
| 942 | |c BK | ||
| 945 | |d 20061117 00:00:00 |a cmena | ||
| 260 | |a Santiago |b Centro de Entrenamiento Técnico de Chonan |c 2006 | ||
| 260 | |a Santiago |b Departamento de Asistencia Técnica de Diasa |c 2006 | ||
| 600 | 0 | 7 | |a SPORTAGE |2 CL-VaPUC |9 502552 |
| 600 | 0 | 7 | |a KIA MOTORS |2 CL-VaPUC |9 502553 |
| 650 | 0 | |a Vehículos |9 348061 | |
| 650 | 7 | |a TRANSMISION AUTOMATICA |2 CL-VaPUC |9 428696 | |
| 650 | 0 | |a Aire acondicionado |9 259344 | |
| 650 | 7 | |a PROGRAMAS DE COMPUTADOR |2 CL-VaPUC |9 262390 | |
| 650 | 7 | |a MECANICA AUTOMOTRIZ |2 CL-VaPUC |9 428677 | |
| 583 | |a last modification |c 20130809 04:53:31 |k Rodrigo Vera | ||
| 999 | |c 318264 |d 318262 | ||
| 952 | |0 0 |1 0 |4 0 |6 629_222000000000000_KIA_2006_2006 |7 0 |8 A |9 395937 |a BIBMEC |b BIBMEC |d 2019-11-22 |i 4291263 |o 629.222 KIA 2006 2006 |p 4291263 |r 2024-01-19 |w 2019-11-22 |y BK |k MEC | ||
| 952 | |0 0 |1 0 |4 0 |6 629_222000000000000_KIA_2006_2006 |7 0 |8 A |9 395938 |a BIBMEC |b BIBMEC |d 2019-11-22 |i 4615646 |o 629.222 KIA 2006 2006 |p 4615646 |r 2024-01-19 |w 2019-11-22 |y BK |k MEC | ||